مكتبة جامعة عجلون الوطنية

فهرس بحث المكتبة

Normal view MARC view
  • ابن تيمية، ابن القيم ؛ تحقيق عبد الفتاح محمود عمر

Entry Personal Name

Number of records used in: 1

001 - CONTROL NUMBER

  • control field: 9110

003 - CONTROL NUMBER IDENTIFIER

  • control field: JO-AjAnu

005 - DATE AND TIME OF LATEST TRANSACTION

  • control field: 20230606071751.0

008 - FIXED-LENGTH DATA ELEMENTS

  • fixed length control field: 230606|| aca||aabn | a|a d

040 ## - CATALOGING SOURCE

  • Original cataloging agency: JO-AjAnu
  • Transcribing agency: JO-AjAnu

100 ## - HEADING--PERSONAL NAME

  • Personal name: ابن تيمية، ابن القيم ؛ تحقيق عبد الفتاح محمود عمر

670 ## - SOURCE DATA FOUND

  • Source citation: Work cat.: (JO-AjAnu)4699: ابن تيمية، ابن القيم ؛ تحقيق عبد الفتاح محمود عمر, author, رسالتان في معنى القياس